000 00805cam a22002773a 4500
001 31794
003 PGUSA
005 20140828083704.0
008 090327s2009||||xxu|||||s|||||000 | eng d
040 _aPGUSA
_beng
042 _adc
050 4 _aBL
100 1 _aOtto, Rudolf,
_d1869-1937
245 1 0 _aNaturalism And Religion
_h[electronic resource] /
_cRudolf Otto
260 _bProject Gutenberg,
_c2009
506 _aPublic domain in the USA.
516 _aElectronic text
653 _aNaturalism
653 _aReligion and science
700 1 _aThomson, Margaret R.
700 1 _aMorrison, William Douglas,
_d1852-1943
700 1 _aThomson, J. Arthur
_q(John Arthur),
_d1861-1933
830 0 _aProject Gutenberg
_v31794
856 4 0 _uhttp://www.gutenberg.org/ebooks/31794
942 _cEB
999 _c261049
_d261049